[Event "Welsh Chess Championship 2016"]
[Site "Cardiff"]
[Date "2016.03.28"]
[Round "7.13"]
[White "Turner, Joseph David"]
[Black "Van Kemenade, Rudy"]
[Result "1-0"]
[WhiteElo "1894"]
[BlackElo "1968"]
[PlyCount "31"]
[EventDate "2016.03.25"]
[EventType "swiss"]
[EventRounds "7"]
[EventCountry "WLS"]

1. e4 e5 2. f4 exf4 3. Bc4 Qh4+ 4. Kf1 Nc6 5. Nf3 Qh5 6. Nc3 Nf6 7. d4 g5 8. h4
g4 9. Ng5 d5 10. exd5 Na5 11. Qe2+ Kd8 12. Qe5 Qg6 13. Bd3 Bd6 14. Bxg6 Bxe5
15. dxe5 fxg6 16. exf6 1-0

[Event "Welsh Chess Championship 2016"]
[Site "Cardiff"]
[Date "2016.03.28"]
[Round "7.15"]
[White "Shakespeare, John"]
[Black "Camp, Syringa Lyn"]
[Result "1-0"]
[WhiteElo "1948"]
[BlackElo "1681"]
[PlyCount "63"]
[EventDate "2016.03.25"]
[EventType "swiss"]
[EventRounds "7"]
[EventCountry "WLS"]

1. d4 g6 2. Nf3 Bg7 3. c4 c5 4. d5 d6 5. Nc3 Nf6 6. h3 a6 7. a4 Nbd7 8. Qc2 O-O
9. Bf4 Ne8 10. e3 Ne5 11. Be2 Nxf3+ 12. Bxf3 e5 13. dxe6 fxe6 14. Bg3 Qb6 15.
a5 Qc7 16. h4 Rxf3 17. gxf3 Qf7 18. O-O-O Qxf3 19. h5 Qf8 20. hxg6 h6 21. Na4
Bd7 22. Nb6 Rd8 23. Bh4 Nf6 24. Nxd7 Rxd7 25. Bg3 Qd8 26. Bf4 Qxa5 27. Bxh6 d5
28. Kb1 b5 29. Bxg7 Rxg7 30. cxd5 Nxd5 31. Rxd5 exd5 32. Qf5 1-0

[Event "Welsh Chess Championship 2016"]
[Site "Cardiff"]
[Date "2016.03.28"]
[Round "7.16"]
[White "Kelly, Paul J"]
[Black "Bevan, Peter M"]
[Result "1/2-1/2"]
[WhiteElo "1857"]
[BlackElo "1999"]
[PlyCount "95"]
[EventDate "2016.03.25"]
[EventType "swiss"]
[EventRounds "7"]
[EventCountry "WLS"]

1. e4 c5 2. Nc3 Nc6 3. f4 g6 4. Nf3 Bg7 5. Bb5 Nd4 6. O-O Nxb5 7. Nxb5 d6 8.
Nc3 Nf6 9. d3 O-O 10. Qe1 e6 11. Qh4 Nh5 12. g4 Qxh4 13. Nxh4 Nf6 14. h3 Ne8
15. f5 Bf6 16. g5 Bxc3 17. bxc3 exf5 18. exf5 Ng7 19. f6 Nf5 20. Nxf5 Bxf5 21.
h4 Rfe8 22. Bf4 Re6 23. Rfe1 Rae8 24. Kf2 d5 25. Rxe6 Rxe6 26. Re1 Rxe1 27.
Kxe1 c4 28. Kd2 Kf8 29. Ke3 Ke8 30. Kd4 Kd7 31. Kxd5 cxd3 32. cxd3 Bxd3 33. Be3
a6 34. Bb6 Bf1 35. c4 Bg2+ 36. Kc5 Ke6 37. Ba5 Bf1 38. a3 b5 39. Kb6 Bxc4 40.
Bb4 Kf5 41. Kxa6 Kg4 42. Kb6 Kxh4 43. Bd2 Kg4 44. Kc5 Be2 45. Kd6 Kf5 46. Ke7
Bc4 47. Kf8 Ke4 48. Kg7 1/2-1/2